| 000 | 00699cam a2200193 a 4500 | ||
|---|---|---|---|
| 001 | 000015858 | ||
| 005 | 20200929164159.0 | ||
| 008 | 750320s1974 ve a 000 0 spa | ||
| 040 |
_aDO-SdBNP _bspa _cDLC _dBNPHU |
||
| 082 |
_annn _bG767L |
||
| 100 | 1 |
_aGrases, Pedro, _d1909-2004 _923306 |
|
| 245 | 1 | 0 |
_aLibros y libertad / _cPedro Grases. |
| 260 |
_aCaracas, Venezuela : _bEdiciones De La Presidencia de la República, _c1974. |
||
| 300 |
_axix, 263 p. : _bfacsims. ; _c22 cm. |
||
| 504 | _aIncluye referencias bibliográficas (p. 56). | ||
| 651 | 4 |
_aVenezuela _xHistoria _yGUERRA DE INDEPENDENCIA, 1810-1823 _xSources _vBibliography. _935693 |
|
| 910 | _aCatalogación por copia / LC | ||
| 049 | _aBNGR | ||
| 999 |
_c15401 _d15401 |
||